00302nam a2200097Ia 4500008004100000020001800041100002900059245005600088260004600144300001400190171205s9999 xx 000 0 und d a9789715422956 aLopez, Mellie Leandicho. cMellie Leandicho LopezaA Study of Philippine Games bUniversity of the Philippines Pressc2001 a592 pages